Mystery Song Lyrics - Statistics

General Stats
  • This quiz has been taken 87 times
  • The average score is 133 of 264
Answer Stats
Answer % Correct
a
99%
I
99%
The
91%
the
91%
You
91%
you
91%
be
85%
me
83%
And
78%
and
78%
love
74%
to
71%
in
67%
So
67%
so
67%
it
65%
It
65%
No
64%
can
63%
where
63%
of
62%
what
62%
my
60%
that
60%
have
58%
then
55%
Then
55%
not
54%
will
53%
could
51%
know
51%
time
50%
day
47%
as
46%
there
46%
had
45%
see
45%
ever
42%
were
42%
can't
41%
it's
41%
never
40%
I'll
38%
night
38%
end
37%
give
37%
was
37%
world
36%
At
35%
But
33%
but
33%
life
33%
dream
32%
just
32%
Just
32%
Now
31%
out
29%
Last
27%
last
27%
been
24%
feel
24%
I'd
24%
Yes
24%
find
23%
or
23%
let
22%
any
21%
son
21%
must
19%
Only
19%
seen
19%
Everything
17%
sign
15%
hard
14%
Nothing
14%
put
14%
mind
13%
almost
12%
didn't
12%
believe
10%
Black
10%
black
10%
maybe
10%
turn
10%
bit
9%
everybody
8%
minute
8%
longer
6%
strangest
6%
End of the World
5%
imagine
5%
pray
5%
scene
5%
sight
5%
Telling
5%
we'd
5%
absence
4%
obscene
4%
remember
4%
return
4%
The Living End
4%
worry
4%
arrived
3%
happens
3%
led
3%
occur
3%
awoke
1%
spoke
1%
threes
1%
No matching quizzes found
Score Distribution
Percent of People with Each Score
Percentile by Number Answered
Your Score History
You have not taken this quiz